000 00901nas a2200217 a 4500
999 _c447744
_d447744
003 BLK
005 20230628140351.0
008 220308b bu |||||r|||| 00| 0 bu d
040 _aBLK
041 _aBUL
_cBUL
080 _aПроизводство и услуги по стопански отрасли. Икономика на отделните стопански отрасли. Вж и 334.74
_b338.4
_x338.4
139 _bС 78
245 _aСтокови фондове и битови услуги за населението
_bИзпълнение на единния план за социално-икономическо развитие
260 _9218915
_aРусе
_bТерит. информ.-изчислителен център
_c1981
300 _c21 см
380 _a3
852 _bК
_cК 338.4/С 78
942 _cCPU
_n0
_s1
_011
999 _d447744
999 _d447744